Statistics for Australian MPs 47th Parliament

Click here to take the quiz!

General Stats

  • This quiz has been taken 68 times
  • The average score is 92 of 151

Answer Stats

HintAnswerMPParty% Correct
NSWParramattaAndrew CharltonALP
92%
VICScullinAndrew GilesALP
92%
WACanningAndrew HastieLIB
92%
TASClarkAndrew WilkieIND
92%
NSWGrayndlerAnthony AlbaneseALP
92%
NSWNew EnglandBarnaby JoyceNATS
92%
QLDKennedyBob KatterIND
92%
TASBassBridget ArcherLIB
92%
NSWMcMahonChris BowenALP
92%
NSWFowlerDai LeeIND
92%
NSWHunterDan RepacholiALP
92%
VICWannonDan TehanLIB
92%
NSWCookSimon KennedyLIB
92%
NSWSydneyTanya PlibersekALP
92%
NSWWarringahZali SteggallIND
92%
NSWWentworthAllegra SpenderIND
83%
NSWCalareAndrew GeeNATS
83%
ACTFennerAndrew LeighALP
83%
QLDFisherAndrew WallaceLNP
83%
QLDDawsonAndrew WillcoxLNP
83%
VICHothamClare O'NeilALP
83%
NSWBanksDavid ColemanLIB
83%
QLDMaranoaDavid LittleproudNATS
83%
QLDRyanElizabeth Watson-BrownAG
83%
WAMooreIan GoodenoughLIB
83%
NSWBlaxlandJason ClareALP
83%
QLDRankinJim ChalmersALP
83%
VICMacnamaraJosh BurnsALP
83%
NSWNorth SydneyKylea TinkIND
83%
NSWBartonLinda BurneyALP
83%
QLDGriffithMax Chandler-MatherAG
83%
QLDDicksonPeter DuttonLNP
83%
SAMayoRebekha SharkieIND
83%
VICMcEwenRobert MitchellALP
83%
NSWReidSally SitouALP
83%
NSWMackellarSophie ScampsIND
83%
QLDBrisbaneStephen BatesAG
83%
VICGoldsteinZoe DanielIND
83%
VICMelbourneAdam BandtAG
75%
WACowanAnne AlyALP
75%
NSWWerriwaAnne StanleyALP
75%
VICMaribyrnongBill ShortenALP
75%
QLDFaddenCameron CaldwellLNP
75%
VICFraserDaniel MulinoALP
75%
ACTBeanDavid SmithALP
75%
NSWGilmoreFiona PhillipsALP
75%
NSWBennelongJerome LaxaleALP
75%
VICJagajagaKate ThwaitesALP
75%
VICBendigoLisa ChestersALP
75%
VICAstonMary DoyleALP
75%
NSWRiverinaMichael McCormackALP
75%
VICDeakinMichael SukkarALP
75%
VICKooyongMonique RyanIND
75%
VICCorioRichard MarlesALP
75%
WATangneySam LimALP
75%
NSWFarrerSussan LeyLIB
75%
NSWWatsonTony BurkeALP
75%
ACTCanberraAlicia PayneALP
67%
QLDMoncreiffAngie BellLNP
67%
NSWHumeAngus TaylorALP
67%
VICMalleeAnne WebsterNATS
67%
VICBallaratCatherine KingALP
67%
VICGippslandDarren ChesterNATS
67%
NSWLyneDavid GillespieNATS
67%
VICIndiHelen HainesIND
67%
WAFremantleJosh WilsonALP
67%
VICBruceJulian HillALP
67%
QLDMcPhersonKaren AndrewsLNP
67%
WACurtinKate ChaneyIND
67%
WABurtMatt KeoghALP
67%
NSWLindsayMelissa McIntoshLIB
67%
QLDOxleyMilton DickALP
67%
NSWBradfieldPaul FletcherLP
67%
VICNichollsSam BirrellNATS
67%
VICHawkeSam RaeALP
67%
QLDWrightScott BuchholzLNP
67%
SABarkerTony PasinLIB
67%
VICFlindersZoe McKenzieLIB
67%
SAKingstonAmanda RishworthALP
58%
QLDLilleyAnika WellsALP
58%
QLDFlynnColin BoyceLNP
58%
NSWChifleyEd HusicALP
58%
NSWBerowraJulian LeeserLP
58%
QLDWide BayLlew O'BrienLNP
58%
QLDPetrieLuke HowarthLNP
58%
WABrandMadeleine KingALP
58%
NTLingiariMarion ScrymgourALP
58%
SAHindmarshMark ButlerALP
58%
SASpenceMatt BurnellALP
58%
NSWKingsford SmithMatthew ThistlewaiteALP
58%
WADurackMelissa PriceLIB
58%
VICHigginsMichelle Ananda-RajahALP
58%
QLDCapricorniaMichelle LandryLNP
58%
NSWCowperPat ConaghanNAT
58%
VICWillsPeter KhalilALP
58%
NSWNewcastleSharon ClaydonALP
58%
NSWMaquarieSusan TemplemanALP
58%
VICChisholmCarina GarlandALP
50%
NSWDobelEmma McBrideALP
50%
QLDBowmanHenry PikeLNP
50%
VICLa TrobeJason WoodLIB
50%
VICLalorJoanne RyanALP
50%
NSWRichmondJustine ElliotALP
50%
NSWEden-MonaroKristy McBainALP
50%
SABoothbyLouise Miller-FrostALP
50%
NTSolomonLuke GoslingALP
50%
VICIsaacsMark DreyfusALP
50%
NSWGreenwayMichelle RowlandALP
50%
WAO'connorRichard WilsonLIB
50%
NSWWhitlamStephen JonesALP
50%
SAAdelaideSteve GeoganasALP
50%
QLDLongmanTerry YoungLNP
50%
SAMakinTony ZappiaALP
50%
QLDLeichhardtWarren EntschLNP
50%
NSWMitchellAlex HawkeLIB
42%
TASLyonsBrian MitchellALP
42%
NSWRobertsonGordon ReidALP
42%
SASturtJames StevensLIB
42%
TASFranklinJulie CollinsALP
42%
VICMenziesKeith WolahanLIB
42%
VICCorangamiteLibby CokkerALP
42%
VICCalwellMaria VamvakinouALP
42%
NSWParkesMark CoultonNATS
42%
NSWMacarthurMike FreelanderALP
42%
NSWShortlandPat ConroyALP
42%
QLDHerbetPhillip ThompsonLNP
42%
NSWCunninghamAlison BrynesALP
33%
VICHoltCassandra FernandoALP
33%
TASBraddonGavin PearceLIB
33%
QLDMoretonGraham PerrettALP
33%
NSWHughesJenny WareALP
33%
VICDunkleyJodie BelyeaALP
33%
QLDHinklerKeith PittLNP
33%
WAPerthPatrick GormanALP
33%
QLDBlairShayne NeumannALP
33%
VICGellibrandTim WattsALP
33%
WAPearceTracey RobertsALP
33%
QLDFordeAlbertus van ManenLNP
25%
VICGortonBrendan O'ConnorALP
25%
NSWPatersonMeryl SwansonALP
25%
QLDBonnerRoss VastaLNP
25%
VICMonashRussell BroadbentLIB
25%
WAHasluckTania LawrenceALP
25%
QLDFairfaxTed O'BrienLNP
25%
WASwanZaneta MascarenhasALP
25%
VICCaseyAaron VioliLIB
17%
VICCooperGed KearneyALP
17%
NSWPageKevin HoganNATS
17%
WAForrestNola MarinoLIB
17%
QLDGroomGarth HamiltonLNP
8%
SAGreyRowan RamseyLNP
8%

Score Distribution

Percentile by Number Answered

Percent of People with Each Score

Your Score History

You have not taken this quiz